000 00488nam a2200157 4500
999 _c80501
_d80501
008 201230b ||||| |||| 00| 0 eng d
040 _cSTAFF
041 _aspan.
100 _aBrückner, Heinrich:
_d(1928-)
240 _aMutter, Vater, Kind.
245 _aMamá, papá y yo/
_cHeinrich Brückner; Traducción: Monika Krause Peters.
260 _aLa Habana:
_bEditorial Gente Nueva,
_c1983.
300 _ao.Sz.: zahlr. Ill.
546 _aText span., Übers. aus dem Dt.
942 _2z
_cB